000 01323cam a2200337M 4500
001 97106
005 20230411085822.0
008 091207s2007 cau 000 u eng d
035 _a(OCoLC)ocm84150562
040 _aUKM
_cUKM
_dYDXCP
_dBAKER
_dBTCTA
_dOCLCG
_dAU@
_dHEBIS
_dBGTON
015 _aGBA710942
_2bnb
016 7 _a013660187
_2Uk
020 _a9780520250369
020 _a0520250362
035 _a(OCoLC)84150562
042 _aukblsr
050 1 4 _aR G 1201
_bH417h 2007
082 0 0 _a911.73
049 _aGRAL
100 1 _aHayes, Derek,
_d1947-
245 1 0 _aHistorical atlas of the United States :
_bwith original maps /
_cDerek Hayes.
260 _aBerkeley ;
_aLondon :
_bUniversity of California Press,
_cc2007.
300 _a280 p. :
_bill. (chiefly col.), maps (chiefly col.), ports. ;
_c26 cm.
500 _aOriginally published: Vancouver : Douglas & McIntyre, 2006.
504 _aIncludes bibliographical references and index.
520 _aExplores the U.S.'s past from a geographical perspective, presenting more than five hundred historical maps from collections around the world and discussing important events and cultural changes.
650 0 _aCartography
_zUnited States
_xHistory.
651 0 _aUnited States
_xHistorical geography
_vMaps.
942 _2lcc
_cbk
994 _aC0
_bDRFGD
999 _c107793
_d107793